000 00806cas a22002415a 4500
001 ##L133972
008 060626c2006 xxkbr p a eng u
022 1 _a1750-1025
035 _a(Sirsi) u133972
041 0 _aeng
110 2 _aRoyal Institution of Chartered Surveyors
_bQuantity Surveying and Construction Faculty
_94967
240 0 0 _aRICS Construction Journal
245 0 4 _aThe Journal
_bRICS Construction Journal
260 3 _aLondon
_bRICS
_c2006-
362 _aLondon: April 2006-
362 0 _aEdinburgh: April 2006-
554 _aSix per year
651 _aUnited Kingdom
_y
690 _aBUILT ENVIRONMENT
780 0 0 _tConstruction Bulletin
856 4 1 _uhttps://www.rics.org/constructionjournal
_zView the journal (member-content only) free of charge at www.rics.org
942 _n0
999 _c118858
_d118858